000 00313nam a22001337a 4500
008 181023b xxu||||| |||| 00| 0 eng d
020 _a9780816022076
041 _aeng
080 _a941
100 _a17
101 _aHIS
245 _aCultural Atlas of Russia and Soviet Union
_cGulland, R.M
942 _2udc
_cBK
999 _c50700
_d50700